000 00475nam a2200181Ia 4500
005 20250317125602.0
008 008 250317s9999 xx 000 0 eng d
037 _aTextbook
040 _aFMSL
_beng
_cFMSL
041 _aeng
_2eng
084 _aX:8 M7;16
_qFMSL
100 _aAdhikary M
245 0 _aManagerial economics
260 _aDelhi
_bDelhi, Khosla
_c1987
300 _a588p
942 _cTB
_hX:8 M7;16
999 _c1260090
_d1260090